| 000 | 01209cam a2200205 4500 | ||
|---|---|---|---|
| 001 | J128985 | ||
| 008 | 050307n1956 000 0 eng u | ||
| 035 | _a(Sirsi) u128985 | ||
| 041 | _aeng | ||
| 050 |
_a720 _c18 |
||
| 245 |
_aSurvey of London volume 26 _bthe parish of St Mary Lambeth part two _csouthern area |
||
| 260 |
_aLondon _bLondon County Council _c1956 |
||
| 300 |
_axiv, 226p. _bill. _c30cm. |
||
| 490 |
_aSurvey of London Main Series _v26 |
||
| 520 | _aThis volume of the "Survey of London", English Heritage's detailed architectural and topographical study, describes buildings in Brixton, Brockwell Park, Denmark Hill, Herne Hill, Kennington, Norwood, southern Vauxhall and Lambeth, Stockwell and Tulse Hill (including many which have been demolished or rebuilt), explaining how they came into being and outlining their significance and historical associations. This later volume is less selective and covers the development of the area in the 19th century. Includes photographs and maps together with plans, sections and elevations of selected buildings. | ||
| 590 | _aSOL | ||
| 690 | _aBUILT ENVIRONMENT-CONSTRUCTION DESIGN | ||
| 700 |
_aSheppard, F. H. W. _xGeneral Editor |
||
| 942 | _n0 | ||
| 999 |
_c104068 _d104068 |
||